Le Mans FC 2022/2023 - Statistiques

Statistiques générales
  • Ce quiz a été pris 32 fois
  • Le résultat moyen est 9 sur 25
Statistiques - réponses
Poste Numéro Réponse % Correct
Attaquant 11 Makan Aïko
78%
Attaquant 9 Armand Gnanduillet
61%
Défenseur 20 Hugo Vargas Rio
61%
Milieu 17 Martin Rossignol
61%
Défenseur 5 Harold Voyer
48%
Milieu 8 Tristan Boubaya
48%
Attaquant 19 Alexandre Vincent
43%
Milieu 29 Edwin Quarshie
43%
Attaquant 25 Jeffrey Quarshie
43%
Attaquant 26 Noa Cervantes
43%
Milieu 6 Maxence Derrien
39%
Attaquant 10 Fahd El Khoumisti
35%
Gardien 16 Nicolas Kocic
35%
Milieu 24 Paul Lehoux
35%
Défenseur 21 Alexandre Lauray
30%
Milieu 27 Hassimi Fadiga
30%
Attaquant 7 Zaid Amir
30%
Défenseur 22 Lilian Njoh
26%
Gardien 30 Mickaël Bod
26%
Gardien 1 Ewan Haftout
22%
Défenseur 23 Mike Bettinger
22%
Défenseur 2 Pierre Nguinda
22%
Défenseur 28 Jonas Smith
17%
Défenseur 3 Freddy Colombo
13%
Défenseur 33 Ianis Polla
13%
Aucun quiz correspondant
Distribution des résultats
% des personnes avec chaque résultat
Percentile par nombre de réponses
Votre historique - résultats
Vous n’avez pas pris ce quiz